| 000 | 00457cam a2200193ua 4500 | ||
|---|---|---|---|
| 001 | 1442 | ||
| 008 | 110708n ii |||gr||||Z||||||eng | ||
| 020 | _a81-7339-171-8 | ||
| 040 | _cMAIN | ||
| 082 | _a330.954 | ||
| 100 | 1 |
_aSaikia, Khirud, _eAuthor. |
|
| 245 | 1 |
_aBharatiya arthaniti _cby Khirud saikia |
|
| 250 | _a5th. | ||
| 260 |
_aDibrugarh: _bBanalata. |
||
| 300 |
_a381p: _c23cm. |
||
| 653 | _aEconomics | ||
| 653 | _aIndian economics | ||
| 942 | _cBK | ||
| 999 |
_c1332 _d1332 |
||